Lo que dice el mapa (Registro nro. 3171)
[ vista simple ]
| 000 -LEADER | |
|---|---|
| fixed length control field | 01132 a2200193 4500 |
| 001 - CONTROL NUMBER | |
| control field | 39956 |
| 005 - DATE AND TIME OF LATEST TRANSACTION | |
| control field | 20260407155656.0 |
| 008 - FIXED-LENGTH DATA ELEMENTS--GENERAL INFORMATION | |
| fixed length control field | 260407a arg spa d |
| 003 - CONTROL NUMBER IDENTIFIER | |
| control field | AR-UNSa-BCEJYS |
| 040 ## - CATALOGING SOURCE | |
| Original cataloging agency | AR-UNSa-BCEJYS |
| Language of cataloging | spa |
| Transcribing agency | AR-UNSa-BCEJYS |
| 080 ## - UNIVERSAL DECIMAL CLASSIFICATION NUMBER | |
| Universal Decimal Classification number | 910 |
| Common auxiliary subdivision | Generalidades. La geografía como ciencia. Exploraciones. Viajes<br/> |
| 100 1# - MAIN ENTRY--PERSONAL NAME | |
| Personal name | Kühn, Franz |
| 245 10 - TITLE STATEMENT | |
| Title | Lo que dice el mapa |
| Name of part/section of a work | ensayo e geografía razonada, para uso de los maestros |
| 264 #1 - PRODUCTION, PUBLICATION, DISTRIBUTION, MANUFACTURE, AND COPYRIGHT NOTICE | |
| Place of production, publication, distribution, manufacture | Buenos Aires : |
| Name of producer, publisher, distributor, manufacturer | Kapelusz |
| 300 ## - PHYSICAL DESCRIPTION | |
| Extent | 414 p. |
| Dimensions | 18 cm. |
| 505 ## - FORMATTED CONTENTS NOTE | |
| Formatted contents note | 1. Dos palabras cerca de la enseñanza de la geografía - 2. La tierra en general - 3. América del sud - 3. Estudio regional de la américa del sud - 4. América del Norte - 5. Estudio regional de la américa del norte - 6. América Central - 7. Las antillas - 8. Europa - 9. Estudio regional de Europa - 10. Asia - 11. Africa - 12. Estudio regional del áfrica - 13. Oceanía - 14. Estudio regional de la Oceanía - 15. República Argentina - 16. Acción del medio físico sobre la vida económica y social dela República Argentina |
| 590 ## - LOCAL NOTE (RLIN) | |
| Local note | niveau_biblio:m niveau_hierar:0 |
| 942 ## - ADDED ENTRY ELEMENTS (KOHA) | |
| Koha item type | |
| Withdrawn status | Lost status | Damaged status | Not for loan | Home library | Current library | Shelving location | Date acquired | Total checkouts | Full call number | Barcode | Date last seen | Price effective from | Koha item type |
|---|---|---|---|---|---|---|---|---|---|---|---|---|---|
| Biblioteca Prof. Eusebio Cleto del Rey | Biblioteca Prof. Eusebio Cleto del Rey | 07/04/2026 | 910 K96 | L28961 | 07/04/2026 | 07/04/2026 | Libro |